000
00396nam a22001697a 4500
003
MPLRDC
005
20220104114209.0
008
210129b ||||| |||| 00| 0 eng d
082
_a
782.8414 LLJ
100
_a
左云霖
245
_a
风流天子
_c
250
_a
一版一刷
260
_a
_b
花城出版社
_c
1986
300
_b
平
650
_a
李隆基传记
942
_c
BK
_o
782.8414 LLJ
999
_c
5592
_d
5582